Tableau final de Roland Garros 2025. - Statistiques

Statistiques générales
  • Ce quiz a été pris 232 fois
  • Le résultat moyen est 10 sur 16
Statistiques - réponses
Tennisman % Correct
Carlos Alcaraz
100%
Jannik Sinner
99%
Novak Djokovic
98%
Lorenzo Musetti
85%
Alexander Zverev
83%
Ben Shelton
65%
Tommy Paul
64%
Alexander Bublik
64%
Frances Tiafoe
61%
Holger Rune
60%
Andrey Rublev
56%
Jack Draper
55%
Tallon Griekspoor
22%
Cameron Norrie
21%
Alexei Popyrin
15%
Daniel Altmaier
15%
Aucun quiz correspondant
Distribution des résultats
% des personnes avec chaque résultat
Percentile par nombre de réponses
Votre historique - résultats
Vous n’avez pas pris ce quiz